Subdivision capitals closest to Hanover (DE) - Statistics

General Stats
  • This quiz has been taken 27 times
  • The average score is 12 of 20
Answer Stats
Distance (km) Answer % Correct
11 247 Berlin
95%
1 100 Bremen
95%
10 241 Düsseldorf
95%
6 218 Kiel
95%
3 132 Hamburg
91%
16 283 Mainz
77%
5 179 Schwerin
77%
4 179 Erfurt
73%
7 225 Potsdam
73%
18 312 Dresden
68%
2 132 Magdeburg
68%
9 234 Groningen
59%
14 275 Wiesbaden
59%
20 316 Utrecht
55%
13 265 Arnhem
23%
15 281 Leeuwarden
23%
17 289 Lelystad
18%
12 248 Zwolle
18%
8 225 Assen
14%
19 313 's-Hertogenbosch
14%
No matching quizzes found
Score Distribution
Percent of People with Each Score
Percentile by Number Answered
Your Score History
You have not taken this quiz